Les Films One Piece - Statistiques

Statistiques générales
  • Ce quiz a été pris 337 fois
    64 depuis la dernière actualisation
  • Le résultat moyen est 5 sur 15
Statistiques - réponses
Numéro Année Film % Correct
15 2022 Red
96%
13 2016 Gold
83%
12 2012 Z
70%
14 2019 Stampede
59%
10 2009 Strong World
48%
1 2000 One Piece : Le Film
37%
5 2004 La Malédiction de l'épée sacrée
17%
4 2003 L’Aventure sans issue
15%
3 2002 Le Royaume de Chopper, l'île des bêtes étranges
15%
2 2001 L'Aventure de l'île de l'horloge
13%
11 2011 One Piece 3D : À la poursuite du chapeau de paille
11%
6 2005 Le baron Omatsuri et l’île secrète
7%
8 2007 Épisode d'Alabasta : Les pirates et la Princesse du désert
6%
9 2008 Épisode de Chopper : Le Miracle des Cerisiers en Hiver
6%
7 2006 Le Mecha géant du château Karakuri
4%
Aucun quiz correspondant
Distribution des résultats
% des personnes avec chaque résultat
Percentile par nombre de réponses
Votre historique - résultats
Vous n’avez pas pris ce quiz depuis la dernière actualisation